00613 a2200181 4500003000400000005001700004008004100021020001800062040000900080082001500089100003500104245006500139260003600204300001000240942003600250952012800286999001700414OSt20231106144136.0231106b |||||||| |||| 00| 0 eng d a9788192686110 coclc a297bKOD/T aKoduvally, Fazlur Rahman99841 aThouba Pramanangalude Velichathil /cFazlur Rahman Koduvally aKerala:bVachanam books,c2015. a136 p 2ddccBKh297iKOD/Tk297mKOD/T 00102ddc40708ISLAMaMESbMEScISLd2024-01-05l0o297 KOD/Tp44361r2024-01-05 14:33:06v110.00w2024-01-05yBKzGL49R1 c42825d42825